Analyzing the distributional impact of reforms: a practitioner's guide to trade, monetary and exchange rate policy, utility provision, agricultural markets, land policy, and education (Record no. 34381)

MARC details
000 -LEADER
fixed length control field 00891nam a2200193 a 4500
008 - FIXED-LENGTH DATA ELEMENTS--GENERAL INFORMATION
fixed length control field 120416s2005 ||||||||||||||||| || u
020 ## - INTERNATIONAL STANDARD BOOK NUMBER
International Standard Book Number 0821361813
050 ## - LIBRARY OF CONGRESS CALL NUMBER
Classification number HC 59.7 Ana
100 ## - MAIN ENTRY--PERSONAL NAME
Personal name Paternostro, Stefano
245 10 - TITLE STATEMENT
Title Analyzing the distributional impact of reforms: a practitioner's guide to trade, monetary and exchange rate policy, utility provision, agricultural markets, land policy, and education
Statement of responsibility, etc. edited by Aline Coudouel; Stefano Paternostro
260 ## - PUBLICATION, DISTRIBUTION, ETC.
Place of publication, distribution, etc. Washington, D. C.:
Name of publisher, distributor, etc. World Bank
Date of publication, distribution, etc. 2005
300 ## - PHYSICAL DESCRIPTION
Extent 294p. : ill.
350 ## - PRICE (NR) (BK AM CF MU VM SE) [OBSOLETE]
Price 0.00
500 ## - GENERAL NOTE
General note Accompanied by a CD (same title)
650 ## - SUBJECT ADDED ENTRY--TOPICAL TERM
Topical term or geographic name entry element DEVELOPING COUNTRIES--ECONOMIC POLICY
650 ## - SUBJECT ADDED ENTRY--TOPICAL TERM
Topical term or geographic name entry element POVERTY--DEVELOPING COUNTRIES
700 ## - ADDED ENTRY--PERSONAL NAME
Personal name Coudouel, Aline
995 ## - RECOMMENDATION 995 [LOCAL, UNIMARC FRANCE]
-- 0.00
-- CBU-MAIN LIBRARY (Kitwe)
-- 1
-- 0.00
-- 1
-- AVAILABLE
-- Main Library Open Access Collection
Holdings
Withdrawn status Lost status Source of classification or shelving scheme Damaged status Not for loan Home library Current library Shelving location Date acquired Total Checkouts Full call number Barcode Date last seen Price effective from Koha item type
          CBU-MAIN LIBRARY, KITWE. CBU-MAIN LIBRARY, KITWE.   11/30/2022   HC 59.7 Ana 56210 11/30/2022 11/30/2022 MONOGRAPH